Normal view
MARC view
- سرور، طارق
Entry Personal Name
001 - CONTROL NUMBER
- control field: 32471
003 - CONTROL NUMBER IDENTIFIER
- control field: JO-AjAnu
005 - DATE AND TIME OF LATEST TRANSACTION
- control field: 20230606075446.0
008 - FIXED-LENGTH DATA ELEMENTS
- fixed length control field: 230606|| aca||aabn | a|a d
040 ## - CATALOGING SOURCE
- Original cataloging agency: JO-AjAnu
- Transcribing agency: JO-AjAnu
100 ## - HEADING--PERSONAL NAME
- Personal name: سرور، طارق
670 ## - SOURCE DATA FOUND
- Source citation: Work cat.: (JO-AjAnu)16681: سرور، طارق , author, شرح قانون العقوبات : القسم الخاص : جرائم الاعتداء على الأشخاص والأموال